Welcome to CU Library Online Public Access Catalogue (OPAC)

UNDERSTANDING BIBLE TEACHING; (Record no. 6946)

MARC details
000 -LEADER
fixed length control field 00506cam a2200181 i 4500
001 - CONTROL NUMBER
control field 3246361
005 - DATE AND TIME OF LATEST TRANSACTION
control field 20250712165946.0
008 - FIXED-LENGTH DATA ELEMENTS--GENERAL INFORMATION
fixed length control field 801113s1981 pau 000 0 eng
020 ## - INTERNATIONAL STANDARD BOOK NUMBER
International Standard Book Number 0800616014 (pbk.) :
Terms of availability $3.25
020 ## - INTERNATIONAL STANDARD BOOK NUMBER
International Standard Book Number 9780800616014
050 00 - LIBRARY OF CONGRESS CALL NUMBER
Classification number BT83
Item number BRU
100 1# - MAIN ENTRY--PERSONAL NAME
Personal name BRUCE F F,
Dates associated with a name 1936-
245 10 - TITLE STATEMENT
Title UNDERSTANDING BIBLE TEACHING;
Statement of responsibility, etc. GODS KINGDOM AND CHURCH
260 ## - PUBLICATION, DISTRIBUTION, ETC.
Place of publication, distribution, etc. Philadelphia :
Name of publisher, distributor, etc. Fortress Press,
Date of publication, distribution, etc. c1981.
300 ## - PHYSICAL DESCRIPTION
Extent 63p . ;
Dimensions 18 cm.
700 1# - ADDED ENTRY--PERSONAL NAME
Personal name Rast, Harold W.
942 ## - ADDED ENTRY ELEMENTS (KOHA)
Source of classification or shelving scheme Library of Congress Classification
Koha item type Books
Suppress in OPAC No
999 ## -
-- 6946
-- 6946
Holdings
Withdrawn status Lost status Source of classification or shelving scheme Damaged status Not for loan Collection Home library Current library Shelving location Date acquired Total checkouts Full call number Barcode Date last seen Copy number Price effective from Koha item type
    Library of Congress Classification     Non-fiction Undergraduate Library (Christ Temple) Undergraduate Library (Christ Temple) General stacks 07/12/2025   BT83 BRU ulct00003820 07/12/2025 1 07/12/2025 Books
© 2023-2024 Copyright: Central University Libraries. All Rights Reserved | Created by: Mahone Tech Office